000 00866nam a2200277 i 4500
001 000048206
003 DO-SdBNP
005 20240627110749.0
007 ta
008 181205s2016 dr a r 000 0 spa d
020 _a9789945084917
040 _aDO-SdBNP
_bspa
_cBNPHU
_erda
082 4 _bY47e
_222
100 1 _aYermenos Forastieri, Pablo,
_936154
_eautor
245 1 0 _aEscritos diversos 1956-2015 /
_cPablo Yermenos Forastieri.
264 _aSanto Domingo :
_bBúho,
_c2016.
300 _a250 páginas :
_bilustraciones;
_c23 cm.
336 _2rdacontent
_atexto
_btxt
337 _2rdamedia
_asin mediación
_bn
338 _2rdacarrier
_avolumen
_bnc
500 _aIncluye referencias bibliográficas y notas al pie de las páginas
500 _aIncluye índice onomástico
590 _aInventariado, 2019/BT
910 _aBtavárez
942 _2ddc
_cLBS1
999 _c47694
_d47694